000 01399nam a2200301 a 4500
001 BRL_1890
005 20190320211424.0
008 130815m19751979mx-a######---#000-0#spa-#
041 _aspa
044 _amx
050 4 _aF1219
_b.T67 1975
100 1 _aTorquemada, Juan de,
_daproximadamente 1557-1664
_928170
245 1 0 _aMonarquía indiana
_bDe los veinte y un libros rituales y monarquía indiana, con el origen y guerras de los indios occidentales, de sus poblazones, descubrimiento, conquista, conversión y otras cosas maravillosas de la mesma tierra
_cJuan de Torquemada
250 _a3a ed.
_bpreparada por el Seminario para el Estudio de Fuentes de Tradición Indígena, bajo la coordinación de Miguel León-Portilla.
260 _aMéxico
_bUniversidad Nacional Autónoma de México, Instituto de Investigaciones Históricas
_c1975-1979
300 _av.
_bil.
_c23 cm.
440 0 _aSerie de historiadores y cronistas de Indias
_v5
_928171
500 _av.2 Au1940, v.3 Au1941, v.4 Au1939, v.5 Au1938, v.6 Au1937
650 1 4 _aIndígenas de México
_94678
650 1 4 _aAztecas
_92396
650 1 4 _aFranciscanos en México
_917904
651 4 _aMéxico
_xHistoria
_yConquista, 1519-1540
_9442
651 4 _aMéxico
_xAntigüedades
_92765
700 1 _aLeón Portilla, Miguel
_9504
740 0 _aVeinte y un libros rituales y monarquiìa indiana
902 _aGRL
942 _2lcc
_cB
999 _c10698
_d10698